| 000 | 00416nmm a2200145Ia 4500 | ||
|---|---|---|---|
| 008 | 251105s9999||||xx |||||||||||||||||und|| | ||
| 041 | _aspa | ||
| 100 | _aAlbert, Juna | ||
| 245 | 0 | _a¡Sincroniza tu vida! | |
| 264 |
_a[Madrid, España] : _bEdiciones B, _c2014 |
||
| 300 | _a169 páginas | ||
| 650 | _aSelf-help and personal development | ||
| 856 | _uhttps://public.digitaliapublishing.com/a/52925 | ||
| 942 | _cCF | ||
| 999 |
_c105142 _d105142 |
||